| 000 | 01589nam a2200265Ia 4500 | ||
|---|---|---|---|
| 999 |
_c36780 _d36780 |
||
| 001 | 2719 | ||
| 003 | GE_BSU | ||
| 005 | 20190605182040.0 | ||
| 008 | 181216s2012||||ge |||||||||||||| ||geo|| | ||
| 020 | _a9789941925610 | ||
| 040 | _cGE_BSU | ||
| 041 | _ageo | ||
| 080 | _a339.1 კ–73 | ||
| 245 |
_aკონკურენციის პოლიტიკა და ბაზრის რეგულირების პრაქტიკა = Competition policy and practice of market regulation / _cეკონ. პრობლემების კვლევის ცენტრი, ფრიდრიხ ებერტის ფონდი ; გამოც. მუშაობდნენ: ნოდარ ხადური, თეიმურაზ მურღულია, დავით ნარმანია და შოთა მურღულია |
||
| 264 |
_aთბილისი, _c2012. |
||
| 300 |
_a163 გვ.; _b30 სმ. |
||
| 653 | _aკონკურენცია | ||
| 653 | _aმარკეტინგი | ||
| 700 |
_aხადური, ნოდარ _eავტორი _92166 |
||
| 700 |
_aმურღულია, თეიმურაზ _eავტორი _92167 |
||
| 700 |
_aნარმანია, დავით _eავტორი _92168 |
||
| 700 |
_aმურღულია, შოთა _eავტორი _92169 |
||
| 710 |
_aეკონ. პრობლემების კვლევის ცენტრი _bფრიდრიხ ებერტის ფონდი _92170 |
||
| 942 |
_cBK _2udc |
||